Teatro de los siglos de oro: Lope de Vega - Tirso de Molina - Calderón de la Barca
Salvato in:
| Natura: | Libro |
|---|---|
| Lingua: | spagnolo |
| Pubblicazione: |
La Habana
Arte y Literatura
1983
|
| Serie: | Biblioteca de Literatura Universal
|
| Soggetti: | |
| Tags: |
Aggiungi Tag
Nessun Tag, puoi essere il primo ad aggiungerne!!
|
MARC
| LEADER | 00000nam a2200000 a 4500 | ||
|---|---|---|---|
| 001 | UCM8223 | ||
| 003 | CL-VaPUC | ||
| 005 | 20241121151344.0 | ||
| 008 | 030228e19830000CU |||||||||||||||||spa|d | ||
| 999 | |c 302801 |d 302799 | ||
| 040 | |c Pontificia Universidad Católica de Valparaíso | ||
| 082 | 0 | 4 | |a 862 |b TEA |2 21 |
| 245 | 1 | 0 | |a Teatro de los siglos de oro: Lope de Vega - Tirso de Molina - Calderón de la Barca |
| 260 | |a La Habana |b Arte y Literatura |c 1983 | ||
| 300 | |a 577 p | ||
| 490 | 0 | |a Biblioteca de Literatura Universal | |
| 583 | |a last modification |c 20030228 00:00:00 |k Rodrigo Vera | ||
| 600 | 0 | 7 | |a VEGA, LOPE DE |2 CL-VaPUC |9 319628 |
| 600 | 0 | 7 | |a Tirso de Molina, |d 1579?-1648 |9 866676 |
| 600 | 0 | 7 | |a CALDERON DE LA BARCA, PEDRO |2 CL-VaPUC |9 316207 |
| 650 | 0 | |a Teatro español |9 265077 | |
| 650 | 0 | |a Literatura española |9 306261 | |
| 650 | 0 | |a Dramas españoles |9 267081 | |
| 942 | |c BK |2 ddc | ||
| 945 | |d 20030228 00:00:00 |a cmena | ||
| 952 | |0 0 |1 0 |4 0 |6 862_000000000000000_TEA_1983 |7 0 |8 A |9 363550 |a BIBEDU |b BIBEDU |d 2019-11-21 |i 3879917 |o 862 TEA 1983 |p 3879917 |r 2019-11-21 |w 2019-11-21 |y BK |k LIT | ||